Loading...
| Fine Arts - Classical Music | 9 | 18.89 | 3,978% | 544% | 433% |
| Fine Arts - Other | 8 | 18.75 | 5,863% | 300% | 475% |
| Fine Arts - Painting & Sculpture | 9 | 12.22 | 2,389% | 256% | 344% |
| History - American | 6 | 18.33 | 3,300% | 567% | 600% |
| History - European | 9 | 17.78 | 3,811% | 411% | 411% |
| History - Other | 9 | 21.11 | 4,000% | 700% | 478% |
| History - World | 10 | 11.00 | 4,730% | 80% | 240% |
| Literature - American | 11 | 20.00 | 3,855% | 536% | 609% |
| Literature - British | 10 | 16.00 | 4,200% | 380% | 410% |
| Literature - European | 8 | 18.75 | 3,888% | 413% | 600% |
| Literature - World | 10 | 17.00 | 5,330% | 310% | 420% |
| Mythology | 8 | 12.50 | 5,650% | 213% | 225% |
| Other | 10 | 15.00 | 4,690% | 260% | 390% |
| Philosophy | 6 | 15.00 | 1,667% | 250% | 633% |
| Religion | 6 | 18.33 | 2,767% | 633% | 433% |
| Science - Biology | 10 | 15.00 | 3,560% | 380% | 350% |
| Science - Chemistry | 10 | 17.00 | 5,010% | 570% | 230% |
| Science - Other | 10 | 16.00 | 3,220% | 320% | 580% |
| Science - Physics | 7 | 21.43 | 2,829% | 586% | 829% |
| Social Science | 7 | 22.86 | 6,757% | 600% | 471% |